Normal view
MARC view
Entry Geographic Name
001 - CONTROL NUMBER
- control field: 1139
003 - CONTROL NUMBER IDENTIFIER
- control field: BD-RjUL
005 - DATE AND TIME OF LATEST TRANSACTION
- control field: 20220206103645.0
008 - FIXED-LENGTH DATA ELEMENTS
- fixed length control field: 220206|| aca||aabn | a|a d
040 ## - CATALOGING SOURCE
- Original cataloging agency: BD-RjUL
- Transcribing agency: BD-RjUL
151 ## - HEADING--GEOGRAPHIC NAME
- Geographic name: জর্দান
- General subdivision: ইতিহাস
- Chronological subdivision: ১৯২১-১৯৭১ খ্রিষ্টাব্দ
670 ## - SOURCE DATA FOUND
- Source citation: Work cat.: (BD-RjUL)79318: পান্না, মোসা. মাসুমা আখতার 1119, জর্দান রাজ্য :, ২০১৯